Central Library OPAC University of Rajshahi

Mount Everest : (Record no. 11445)

MARC details
000 -LEADER
fixed length control field 00888nam a2200241 a 4500
001 - CONTROL NUMBER
control field 11445
003 - CONTROL NUMBER IDENTIFIER
rucl marc code BD-RjUL
005 - DATE AND TIME OF LATEST TRANSACTION
control field 20211208235128.0
008 - FIXED-LENGTH DATA ELEMENTS--GENERAL INFORMATION
fixed length control field 791024s1963 enkabf b 00000 eng d
035 ## - SYSTEM CONTROL NUMBER
System control number (BD-RjUL)11494
040 ## - CATALOGING SOURCE
Original cataloging agency Xerox
Modifying agency NBDPL
Language of cataloging eng
Transcribing agency BD-RjUL
041 1# - LANGUAGE CODE
Language code of text/sound track or separate title eng
Language code of original ger
082 00 - DEWEY DECIMAL CLASSIFICATION NUMBER
Classification number 915.496
Edition number 20
Author mark and year MOU 1963
245 00 - TITLE STATEMENT
Title Mount Everest :
Remainder of title formation, population and exploration of the Everest region /
Statement of responsibility, etc. Toni Hagen ... [et al.] ; translated by E. Noel Bowman.
260 ## - PUBLICATION, DISTRIBUTION, ETC. (IMPRINT)
Place of publication, distribution, etc. London :
Name of publisher, distributor, etc. Oxford University Press,
Date of publication, distribution, etc. 1963.
300 ## - PHYSICAL DESCRIPTION
Pagination xiv, 195 p., [24] p. of plates :
Illustrations ill., maps ;
Size 24 cm.
500 ## - GENERAL NOTE
General note Translation of Mount Everest : Aufbau, Erforschung und Bevolkerung des Everest.
504 ## - BIBLIOGRAPHY, ETC. NOTE
Bibliography, etc Includes bibliographies.
651 #0 - SUBJECT ADDED ENTRY--GEOGRAPHIC NAME
Geographic name Everest, Mount (China and Nepal)
9 (RLIN) 35381
700 1# - ADDED ENTRY--PERSONAL NAME
Personal name Hagen, Toni,
Dates associated with a name 1917-
942 ## - ADDED ENTRY ELEMENTS (KOHA)
Source of classification or shelving scheme Dewey Decimal Classification
Koha item type Books
Holdings
Lost status Source of classification or shelving scheme Damaged status Not for loan Collection code Permanent Location Current Location Shelving location Date acquired Source of acquisition Cost, normal purchase price Total Checkouts Full call number Date last seen Copy number Koha item type
  Dewey Decimal Classification   Not For Loan Non-fiction Central Library, University of Rajshahi Central Library, University of Rajshahi Reading Room 19/05/1965 Zeithlinger. 50.00   915.496 MOU 1963 26/01/2014 C-1 Books
  Dewey Decimal Classification     Non-fiction Central Library, University of Rajshahi Central Library, University of Rajshahi   08/12/2021 Zeitlinger 50.00   915.496 MOU 1963 16/05/2017 C-2 Books